| 000 | 00859nas a2200289 4500 | ||
|---|---|---|---|
| 001 | BR2017001513 | ||
| 003 | BR-BrBNA | ||
| 005 | 20231205130949.0 | ||
| 007 | ta | ||
| 008 | 230509b bl.|||p| |||| 00| 00por d | ||
| 040 |
_aBR-BrBNA _bpor _cBiblioteca Nacional de Agricultura |
||
| 041 | _a(En) | ||
| 072 | _aF01 | ||
| 100 | 1 | _aD'Angelo, J.W. de O. | |
| 100 | 1 | _aBastos, M.C. | |
| 100 | 1 | _aCuquel, F.L. | |
| 245 | 1 | _aMaintenance pruning in physalis commercial production | |
| 650 | _aCAMAPU | ||
| 650 | _aPODA | ||
| 650 | _aQUALIDADE | ||
| 650 | _aAMOSTRAGEM | ||
| 650 | _aPRODUTIVIDADE | ||
| 773 | 0 |
_tBragantia (Brazil) _xISSN 1678-4499 _g(Apr-Jun 2017), v. 76(2) p. 214-219 _wBR2017001513 |
|
| 856 | 4 | 0 | _uhttp://www.scielo.br/pdf/brag/v76n2/0006-8705-brag-1678-4499128.pdf |
| 909 |
_a202311 _bLúcia _c55 _dLúcia Elande |
||
| 942 |
_2AGRIS _n0 _cANA |
||
| 999 |
_c252307 _d252307 |
||